| 000 | 01843cam a22004694i 4500 | ||
|---|---|---|---|
| 003 | PE-LiUPU | ||
| 005 | 20250731173521.0 | ||
| 008 | 150616s r 000 0 d | ||
| 020 | _a0687115337 | ||
| 035 | _a(Sirsi) i9780687115334 | ||
| 040 |
_aPE-LiUPU _bspa _cPE-LiUPU _erda |
||
| 049 | _aPRUA | ||
| 082 | 0 | 4 |
_a264 _bB23 _221 |
| 100 | 1 |
_aBartow, Charles L., _eautor. |
|
| 245 | 1 | 0 | _aEffective Speech Communication in Leading Worship. |
| 264 | 1 |
_aNashville : _bAbingdon Press, _c1988. |
|
| 300 |
_a128 páginas ; _c22 centímetros |
||
| 336 |
_atext _2rdacontent |
||
| 337 |
_aunmediated _2rdamedia |
||
| 338 |
_avolume _2rdacarrier |
||
| 504 | _aBibliografía: páginas 125-126. | ||
| 505 | 0 | _aThe Dialogue of the Sanctuary.- Speech Communications Dynamics in Leading Worship.- Basic Considerations in Speaking the Written Word: Phrasing.- Basic Considerations in Speaking the Written Word: Emphasis.- Speaking Calls to worship and Benedictions.- Leading Unison Confession and Responsive Praise.- Reading the Scriptures: Theory and Practice.- Administering Baptism and Serving Communion. | |
| 526 | _aSEG42 | ||
| 526 | _aSEG41 | ||
| 526 | _aSEG40 | ||
| 526 | _aSEG39 | ||
| 526 | _aP94 | ||
| 526 | _aP87 | ||
| 526 | _aP86 | ||
| 526 | _aP85 | ||
| 526 | _aP77 | ||
| 526 | _aP76 | ||
| 526 | _aP35 | ||
| 650 | 0 | 4 | _aSERVICIO DE ADORACION. |
| 910 |
_ajck _bjvq _cjck |
||
| 942 |
_2ddc _cBOOK |
||
| 949 |
_a264 B23 _wDEWEY _c1 _i41881 _lCCODEBUL1 _mBUL _r0 _sY _tBOOK _u2015-6-16 _xTEOLOGIA _zUNKNOWN _0COMPRA _o.STAFF. Colección General |
||
| 994 |
_aC0 _bPEPRU |
||
| 596 | _a1 | ||
| 999 |
_a264 B23 _wDEWEY _c59643 _i41881 _f2021-11-10 _g5 _lCCODEBUL1 _mBUL _r0 _sY _tBOOK _u2015-6-16 _xTEOLOGIA _zUNKNOWN _0COMPRA _o.STAFF. Colección General _d59643 |
||
| 980 |
_81 _gALBERTO SANCHEZ Responsable de Automatización |
||